Местные нормы и расценки на строительные, монтажные и ремонтно-строительные работы, [не вошедшие в ВНиР и ЕНиР, 1969 г. Вып. 2. Разд. 3: Каменные работы (Запись № 6848354)

Подробности
000 -МАРКЕР
контрольное поле 01523nam2a22002291 4500
001 - ИДЕНТИФИКАТОР ЗАПИСИ
контрольное поле rc\3608397
005 - ИДЕНТИФИКАТОР ВЕРСИИ
контрольное поле 20250610050958.0
035 ## - ДРУГИЕ СИСТЕМНЫЕ НОМЕРА
Идентификатор записи (NLR Aleph) 007710883
100 ## - ДАННЫЕ ОБЩЕЙ ОБРАБОТКИ
Данные общей обработки 20130115d1973 |||y0rusy50 ca
101 0# - ЯЗЫК РЕСУРСА
Язык текста, звукозаписи и т.д. русский
102 ## - СТРАНА ПУБЛИКАЦИИ ИЛИ ПРОИЗВОДСТВА
Страна публикации Российская Федерация
105 ## - ПОЛЕ КОДИРОВАННЫХ ДАННЫХ: ТЕКСТОВЫЕ МАТЕРИАЛЫ, МОНОГРАФИЧЕСКИЕ
Кодированные данные о монографическом текстовом документе y z |||||
200 1# - ЗАГЛАВИЕ И СВЕДЕНИЯ ОБ ОТВЕТСТВЕННОСТИ
Основное заглавие Каменные работы
210 ## - ПУБЛИКАЦИЯ, РАСПРОСТРАНЕНИЕ И ДР.
Дата издания, распространения и т.д. 1973
Место издания, распространения и т.д. Б. м.
215 ## - ФИЗИЧЕСКАЯ ХАРАКТЕРИСТИКА
Специфическое обозначение материала и объем 27 с.
461 #0 - УРОВЕНЬ НАБОРА
Встроенное поле 001rc\3608395
-- 2001#$aМестные нормы и расценки на строительные, монтажные и ремонтно-строительные работы, [не вошедшие в ВНиР и ЕНиР, 1969 г.$eВ 7 вып.]$eВып. 1-$fУкр. межколхозное объединение по стр-ву. Упр. организации труда и заработной платы. Центр. нормат.-исслед. станция$vВып. 2. Разд. 3
Системный номер (АБИС) связанной записи 6848336
Место публикации Киев
Дата публикации 1972
Первые сведения об ответственности Укр. межколхозное объединение по стр-ву. Упр. организации труда и заработной платы. Центр. нормат.-исслед. станция
Имя издателя, распространителя и т.д. Б. и.
Сведения, относящиеся к заглавию В 7 вып.] : Вып. 1-
Заглавие Местные нормы и расценки на строительные, монтажные и ремонтно-строительные работы, [не вошедшие в ВНиР и ЕНиР, 1969 г.
Номер тома Вып. 2. Разд. 3
801 #0 - ИСТОЧНИК ЗАПИСИ
Страна Российская Федерация
Организация NLR
Правила каталогизации psbo
801 #1 - ИСТОЧНИК ЗАПИСИ
Страна Российская Федерация
Организация ELAR
Источник данных rusmarc
852 ## - МЕСТОНАХОЖДЕНИЕ И ШИФР ХРАНЕНИЯ
Идентификатор организации NLR
Наименование фонда или коллекции (Sub-Location Identifier) СВТЛ
942 ## - ДОПОЛНИТЕЛЬНЫЕ ЭЛЕМЕНТЫ ЗАПИСИ (АБИС)
Тип экземпляра АБИС Книга
980 ## - КОЛЛЕКЦИЯ
Название коллекции Национальная библиография
Экземпляры
Тип экземпляра Дата поступления Библиотека постоянного хранения Библиотека текущего хранения Место хранения Шифр хранения Штрих-код Статус экземпляра
Книга 26.10.2013 РНБ (Московский) РНБ (Московский) Фонд нормативно-технических и технических документов СВТЛ 7710883-10